Quizzes
Events
Quiz Creation
Community
Videos
Private Events
Remove Ads
Sign In
Join for FREE
Feedback
Dark Mode
Quiz Categories
Sports
Geography
Music
Movies
Television
Just For Fun
Miscellaneous
History
Literature
Language
Science
Gaming
Entertainment
Religion
Holiday
For Kids
Quiz Lab
Recent
Popular Today
Quiz Kudos Today
Editor Picks
Curator Picks
Quizzes by...
Day
Popularity
Type
Ratings
Length
Year
Community
Subscriptions
Recent Discussions
Orange Saloon
Badges
Playlists
Quests
Create
Leaderboards
Showdown
Live 5
Trivia Bingo
Activity
Puzzle Library
Sporcle Events
Private Events
Virtual Trivia
Globe League
Become a Host
Pub Owners
SporcleCon
Opinionation
Our Games
Videos
Blog
Mobile Apps
Partnerships
Remove Ads and Go Orange
Feedback
Music
Pop Music
The Beatles
Song
Album
Lyrics
Bands
Singers
Artist
Clip
Rock
Rap
Classical
Billboard
Country Music
Kpop
Taylor Swift
Music
Pop Music
The Beatles
Song
Album
Lyrics
Bands
Singers
Artist
Clip
Rock
Rap
Classical
Billboard
Country Music
Kpop
Taylor Swift
Random Quiz
Search Sporcle
×
Quiz Lab
Quiz Lab
Music
Kpop
Type in answers that appear in a list
Type in answers that appear in a list
Classic
Best Score? Go Orange.
Guess the Kpop Songs Part 2 (Audio) Stats
Can you name the Kpop Songs?
By
Juice935
15m
40 Questions
1,123 Plays
1,123 Plays
1,123 Plays
Comments
Comments
Give Quiz Kudos
Give Quiz Kudos
-
- Ratings
hide this ad
More Info
Replay
Link that replays current quiz
Next Quiz
Link to next quiz in quiz playlist
You Got
0%
They Got
Avg Score
45%
Avg Friend Score
Upgrade to see
Score Distribution
Jump to the score distribution portion of the page
Score
0/40
Timer
15:00
0
Plays Today
Time
Song Title
% Correct
2:26-
2:36
Mama
84.7%
4:17-
4:25
Fantastic Baby
83.5%
0:30-
0:40
Power
79.6%
4:50-
4:58
Hands Up
76%
1:50-
1:59
Alone
75.2%
0:40-
0:48
Bounce
71.1%
3:27-
3:34
The Chaser
70.3%
2:36-
2:44
A-cha
66.6%
5:07-
5:15
Step
66.2%
4:25-
4:32
Roly Poly
65.4%
4:58-
5:07
Be My Baby
64.4%
1:33-
1:42
DORADORA
63.9%
4:32-
4:41
Twinkle
63.8%
2:09-
2:19
To You
60.5%
0:48-
0:55
Touch
60.2%
3:00-
3:08
Baby Good Night
57.9%
3:50-
4:00
Severely
56.5%
1:59-
2:09
Hey You
51.5%
3:34-
3:41
Starlight Moonlight
50.8%
0:15-
0:22
Tarantallegra
47.4%
Time
Song Title
% Correct
1:11-
1:18
Run
43.8%
0:00-
0:07
Hush
42.2%
2:44-
2:51
2Hot
41.9%
1:26-
1:33
Scream
41.5%
1:03-
1:11
Superhero
37.9%
4:08-
4:17
I Need You
36.1%
1:42-
1:50
E.R
33.7%
0.07-
0:15
I Wonder if You Hurt Like Me
30.6%
2:19-
2:26
Venus
29.7%
4:41-
4:50
Action
25.8%
1:18-
1:26
Painkiller
22.3%
4:00-
4:08
Hit U
18.3%
2:51-
3:00
Crying
17.9%
3:41-
3:50
Hello & Goodbye
15.4%
5:23-
5:31
One 4 U
14.4%
5:15-
5:23
No. 1
12%
0:55-
1:03
Stupid Love
11.5%
0:22-
0:30
Honey Honey
7.2%
3:16-
3:27
Lets Walk Together
7.2%
3:08-
3:16
Lip Stain
3.7%
Quiz Playlist
Details
Report
Send in Message
Add To Playlist
More Info:
https://soundcloud.com/juice935/audio-quiz-3
Classic:
Type in answers that appear in a list
Quiz Source
Last Updated: Jun 24, 2017
Quiz Scoreboard
CHALLENGE
Sign Up to Join the Scoreboard
Show All
Scores
Hide
Comments
May contain spoilers
Recently Published
College Basketball Coaching Resumes
by pancakes188
Sports
9m
Billboard Blitz: Fleetwood Mac
by CooCooCachoo
Music
15s
Presidents Visiting Landmarks
by Hejman
History
7m
More to Explore
Quiz From the Vault
Featured Blog Post
Where Did the Easter Bunny Come From?
hide this ad
You Might Also Like...
Tags
Kpop Quiz
Audio Quiz
Kpop Quiz
Today's Top Quizzes in Music
Browse Music
hide this ad
Today's Top Quizzes in Kpop
Browse Kpop
Top Contributed Quizzes in Music
1
Taylor Swift All Songs (2024)
2
7-to-1: Billboard Hot 100 #1 Hits of 2010s
3
Guess the Artist- 70s Songs
4
Sorting Albums and Songs
5
Taylor Swift Logic Puzzle
6
KPOP LOGIC QUIZ
7
Guess the Taylor Swift song (Mystery Song)
8
2010s Album by Cover III
9
One Thing in Common: Music
10
Guess The Taylor Swift Lyrics Song #1
Explore More
Trending Topics
Disney
Kpop
NBA
Harry Potter
Crossword
Anime
Marvel
Soccer
NFL
Puzzle
Song
The Office
WWE
Pokémon
Country
hide this ad
More By:
Juice935
Quiz
Plays
Rating
Category
Featured
Created
Can You Guess the Kpop Songs 2012? (Audio)
2,232
4.00
Music
Aug 6, 2012
Can you name the Kpop Leaders and Maknaes?
2,090
3.63
Music
Apr 22, 2012
Can you name the Kpop Idols?
2,082
3.20
Music
Apr 18, 2012
Can You Name the Male Kpop Group Songs? (Audio)
1,909
3.88
Music
Apr 18, 2012
Guess the Kpop Songs (Audio)
1,542
3.11
Music
Apr 19, 2012
Go to Creator's Profile
Score Distribution
Quiz Creator Spotlight
Juice935
Follow
Send a Message
Quizzes Created
-
Created Quiz Play Count
-
More By This Creator
Popular Quizzes Today
1
Find the US States - No Outlines Minefield
2
Find the Countries of Europe - No Outlines Minefield
3
The Countries of the World
4
Find the US States
5
Risky Map Clicking: Biggest States A-Z
6
US States
7
Popular People in 1961
8
Movies - When Are They Set?
More Music Quizzes
Lyrics for Every Letter: Mystery Album III
Published
Trending Quizzes
Risky Map Clicking: Least Populous States A-Z
1-10 Letter G Words
1-10 Letter F Words
Risky Map Clicking: Next State Alphabetically
Risky Map Clicking: Biggest States A-Z
Recently Updated
Leaping Animals
pecheneg
Reality TV Shows (A-Z)
bhenderson79
Rickey Henderson's Hall of Fame Teammates
pecheneg
Champions League XIs: Arsenal
pecheneg
Quick Pick: Celebrities in WWE's Hall of Fame
aduchscher
A-Z Keypad Blitz II
pecheneg
Multiple Oscar Actors
pecheneg
Mystery Phrase Blitz: Oscar 'Best Actors'
pecheneg
F. Scott Fitzgerald Novels
LTH
Pick 3 Villains
ddd62291
Trending Topics
Anime
Kpop
Harry Potter
Disney
Crossword
NBA
Marvel
The Office
Country
Soccer
NFL
WWE
Song
Puzzle
Pokémon
Your Account Isn't Verified!
In order to create a playlist on Sporcle, you need to verify the email address you used during registration. Go to your
Sporcle Settings
to finish the process.
Report this User
Report this user for behavior that violates our
Community Guidelines
.
Details:
Send Report
Go to the Sporcle.com Mobile Site →
Comments